Valorant Maps by picture (2026) - Statistics

General Stats
  • This quiz has been taken 151 times
  • The average score is 12 of 17
Answer Stats
Picture Answer % Correct
Icebox
98%
Split
98%
Haven
96%
Lotus
95%
Pearl
95%
Bind
93%
Fracture
92%
Breeze
90%
Sunset
90%
Abyss
89%
Ascent
89%
Corrode
87%
Kasbah
24%
Piazza
24%
Glitch
22%
Drift
20%
District
19%
No matching quizzes found
Score Distribution
Percent of People with Each Score
Percentile by Number Answered
Your Score History
You have not taken this quiz